Statistics for MLB Home Run A-Z Players

Click here to take the quiz!

General Stats

  • This quiz has been taken 47 times
  • The average score is 11 of 25

Answer Stats

LetterHR'sAnswer% Correct
B762Barry Bonds
98%
A755Hank Aaron
95%
R714Babe Ruth
86%
G630Ken Griffey
77%
S609Sammy Sosa
70%
W521Ted Williams
70%
M660Willie Mays
70%
Y452Carl Yastrzemski
63%
J563Reggie Jackson
63%
T612Jim Thome
58%
P651Albert Pujols
53%
F534Jimmie Foxx
42%
O541David Ortiz
40%
C473Miguel Cabrera
33%
E414Darrell Evans
23%
H382Frank Howard/Ryan Howard
21%
N390Graig Nettles
21%
Z267Ryan Zimmerman
21%
D473Carlos Delgado
19%
V355Greg Vaughn
19%
K573Harmon Kilebrew
19%
Q154Carlos Quentin
16%
L358Carlos Lee
14%
I305Raul Ibanez
12%
U293Justin Upton
7%

Score Distribution

Percentile by Number Answered

Percent of People with Each Score

Your Score History

You have not taken this quiz